000 00605cam a2200205 4500500
005 20260405002802.0
041 _afre
042 _adc
100 1 0 _aEltchaninoff, Michel
_eauthor
245 0 0 _aD’autres sons de cloche
260 _c2018.
500 _a16
690 _aCritique
690 _aEva Illouz
690 _aPhilippe Huneman
690 _aRésonance
690 _aStéphane Haber
786 0 _nPhilosophie magazine | 123 | 10 | 2018-10-01 | p. 28-29 | 1951-1787
856 4 1 _uhttps://shs.cairn.info/magazine-philosophie-magazine-2018-10-page-28?lang=fr&redirect-ssocas=7080
999 _c2061114
_d2061114